Во главе Горного института. Директора учебного заведения (1773-1918) (Запись № 12188546)

Подробности
000 -МАРКЕР
контрольное поле 02270nam0a2200385 4500
001 - ИДЕНТИФИКАТОР ЗАПИСИ
контрольное поле RU\NLR\BIBL_A\011539698
005 - ИДЕНТИФИКАТОР ВЕРСИИ
контрольное поле 20260407074420.0
010 ## - МЕЖДУНАРОДНЫЙ СТАНДАРТНЫЙ НОМЕР КНИГИ (ISBN)
Номер (ISBN) 9785942117399
Тираж 500
021 ## - НОМЕР ГОСУДАРСТВЕННОЙ РЕГИСТРАЦИИ
Код страны Российская Федерация
Номер 2017-83556
Номер Листа государственной регистраци 5963
035 ## - ДРУГИЕ СИСТЕМНЫЕ НОМЕРА
Идентификатор записи (RuMoRGB)009441204
035 ## - ДРУГИЕ СИСТЕМНЫЕ НОМЕРА
Идентификатор записи (NLR Aleph) 011539698
100 ## - ДАННЫЕ ОБЩЕЙ ОБРАБОТКИ
Данные общей обработки 20171127d2017 k y0rusy50 ca
101 0# - ЯЗЫК РЕСУРСА
Язык текста, звукозаписи и т.д. русский
102 ## - СТРАНА ПУБЛИКАЦИИ ИЛИ ПРОИЗВОДСТВА
Страна публикации Российская Федерация
105 ## - ПОЛЕ КОДИРОВАННЫХ ДАННЫХ: ТЕКСТОВЫЕ МАТЕРИАЛЫ, МОНОГРАФИЧЕСКИЕ
Кодированные данные о монографическом текстовом документе c z 000zc
200 1# - ЗАГЛАВИЕ И СВЕДЕНИЯ ОБ ОТВЕТСТВЕННОСТИ
Основное заглавие Во главе Горного института. Директора учебного заведения (1773-1918)
Сведения, относящиеся к заглавию [монография
Первые сведения об ответственности В. Г. Афанасьев, И. В. Волошинова, М. В. Друзин и др.
Последующие сведения об ответственности ответственный редактор: профессор В. Г. Афанасьев]
-- Министерство образования и науки Российской Федерации, Федеральное государственное бюджетное образовательное учреждение высшего образования Санкт-Петербургский горный университет
210 ## - ПУБЛИКАЦИЯ, РАСПРОСТРАНЕНИЕ И ДР.
Место издания, распространения и т.д. Санкт-Петербург
Имя издателя, распространителя и т. д. Санкт-Петербургский горный университет
Дата издания, распространения и т.д. 2017
215 ## - ФИЗИЧЕСКАЯ ХАРАКТЕРИСТИКА
Специфическое обозначение материала и объем 238, [1] с., [8] л. цв. портр.
Размеры 25
300 ## - ОБЩИЕ ПРИМЕЧАНИЯ
Текст примечания Авт. указаны на обороте тит. л.
320 ## - ПРИМЕЧАНИЯ О НАЛИЧИИ В ДОКУМЕНТЕ БИБЛИОГРАФИИ / УКАЗАТЕЛЯ
Текст примечания Библиогр. в конце ст.
517 1# - ДРУГИЕ ВАРИАНТЫ ЗАГЛАВИЯ
Вариант заглавия Директора учебного заведения (1773-1918)
601 02 - НАИМЕНОВАНИЕ ОРГАНИЗАЦИИ КАК ПРЕДМЕТ
Начальный элемент ввода Горный институт
Идентифицирующий признак Петербург, город
Тематический подзаголовок Ректоры
Системный номер авторитетной/нормативной записи 2348071
Идентификатор авторитетной/нормативной записи RU\NLR\AUTH\6601626149
610 0# - НЕКОНТРОЛИРУЕМЫЕ ПРЕДМЕТНЫЕ ТЕРМИНЫ
Предметный термин директора горного института
686 ## - ИНДЕКСЫ ДРУГИХ КЛАССИФИКАЦИЙ
Индекс И.р(28)3-4,0
Код системы
686 1# - ИНДЕКСЫ ДРУГИХ КЛАССИФИКАЦИЙ
Индекс Ч488.753.41
701 #1 - ИМЯ ЛИЦА - АЛЬТЕРНАТИВНАЯ ОТВЕТСТВЕННОСТЬ
Графика поля Кириллица
Материалы, к которым относится поле rus
Начальный элемент ввода Афанасьев
Часть имени, кроме начального элемента ввода В. Г.
Дополнения к именам, кроме дат д-р ист. наук
Расширение инициалов личного имени Владимир Георгиевич
Системный номер авторитетной/нормативной записи 29277
Идентификатор авторитетной/нормативной записи RU\NLR\AUTH\7746342
701 #1 - ИМЯ ЛИЦА - АЛЬТЕРНАТИВНАЯ ОТВЕТСТВЕННОСТЬ
Начальный элемент ввода Волошинова
Часть имени, кроме начального элемента ввода И. В.
Расширение инициалов личного имени Ирина Валерьевна
701 #1 - ИМЯ ЛИЦА - АЛЬТЕРНАТИВНАЯ ОТВЕТСТВЕННОСТЬ
Начальный элемент ввода Друзин
Часть имени, кроме начального элемента ввода М. В.
Расширение инициалов личного имени Михаил Викторович
711 02 - НАИМЕНОВАНИЕ ОРГАНИЗАЦИИ - АЛЬТЕРНАТИВНАЯ ОТВЕТСТВЕННОСТЬ
Начальный элемент ввода Горный институт
Идентифицирующий признак Петербург
Системный номер авторитетной/нормативной записи 277979
Идентификатор авторитетной/нормативной записи RU\NLR\AUTH\883370
942 ## - ДОПОЛНИТЕЛЬНЫЕ ЭЛЕМЕНТЫ ЗАПИСИ (АБИС)
Тип экземпляра АБИС Книга
980 ## - КОЛЛЕКЦИЯ
Название коллекции НБР

Нет доступных экземпляров.